عرض عادي
عرض مارك
- POLITICAL SCIENCE / General.
مدخل مصطلح موضوعي
001 - رقم الضبط
- حقل الضبط: 40546
003 - معرف رقم الضبط
- حقل الضبط: OSt
005 - تاريخ ووقت أخر عملية
- حقل الضبط: 20131118175607.0
008 - عناصر بيانات ثابتة الطول
- حقل تحكم ثابت الطول: 131118|||a|||||| | ||| d
040 ## - مصدر الفهرسة
- هيئة الفهرسة الأصلية: OSt
- وكالة الكتابة: OSt
150 ## - مدخل-- مصطلح تاريخي
- عنصر مدخل المصطلح الموضوعي او الاسم الجغرافي: POLITICAL SCIENCE / General.
670 ## - بيانات المصدر موجوده
- الاستشهاد بالمصدر: Work cat.: (OSt)0: Digital media and political engagement worldwide :, 2012.
